|
|
|
|
| LEADER |
01311nam a22003137a 4500 |
| 001 |
44465 |
| 003 |
BD-DhAAL |
| 005 |
20250625093014.0 |
| 008 |
250623t2024 ch a|||| |||| 00| 0achi d |
| 020 |
|
|
|a 9787780011495
|
| 040 |
|
|
|a BD-DhAAL
|c BD-DhAAL
|
| 041 |
|
|
|a chi
|
| 082 |
|
|
|a 759.951
|2 23
|
| 100 |
|
|
|a Bailan, Qin,
|e author.
|9 58525
|
| 245 |
|
|
|a The light of potential :
|b wheelchair painter Qin Bailan /
|c Qin Bailan ; editor, Chen Zhuo.
|
| 250 |
|
|
|a First edition.
|
| 260 |
|
|
|a Beijing :
|b Xianzhuang Bookstore,
|c 2024.
|
| 300 |
|
|
|a 211 pages [68 pages] :
|b color illustrations ;
|c 28 cm
|
| 500 |
|
|
|a Inspirational books.
|
| 500 |
|
|
|a First publication.
|
| 541 |
|
|
|a Donated by Dr. Syed Ferhat Anwar,Vice-Chancellor of BRAC University
|e 44465
|
| 600 |
|
|
|a Bailan, Qin
|c (Painter).
|9 58526
|
| 650 |
|
|
|a Painting, Chinese.
|9 58549
|
| 650 |
|
|
|a Painters
|z China
|v Biography.
|9 58552
|
| 700 |
|
|
|a Zhuo, Chen,
|e editor.
|9 58527
|
| 852 |
|
|
|a Ayesha Abed Library
|
| 942 |
|
|
|2 ddc
|c BK
|
| 999 |
|
|
|c 47315
|d 47315
|
| 952 |
|
|
|0 0
|1 0
|2 ddc
|4 0
|6 759_951000000000000_BAI
|7 0
|9 77847
|a BRACUL
|b BRACUL
|c GEN
|d 2025-06-23
|e Donated by Dr. Syed Ferhat Anwar, Vice-Chancellor of BRAC University
|l 0
|o 759.951 BAI
|p 3010044465
|r 2025-06-23
|t 1
|w 2025-06-23
|y BK
|x Donated by Dr. Syed Ferhat Anwar, Vice-Chancellor of BRAC University ; ¥298.00
|